Catálogo público

Sistema agroindustrial queso en la región chatina y Costa Chica de Oaxaca / (Record no. 219926)

MARC details
000 -CABECERA
campo de control de longitud fija 02131nam a2200337 a 4500
003 - IDENTIFICADOR DEL NÚMERO DE CONTROL
campo de control Mxchpua
005 - FECHA Y HORA DE LA ÚLTIMA TRANSACCIÓN
campo de control 20250513120134.0
007 - CAMPO FIJO DE DESCRIPCIÓN FÍSICA--INFORMACIÓN GENERAL
campo de control de longitud fija ta
008 - DATOS DE LONGITUD FIJA--INFORMACIÓN GENERAL
campo de control de longitud fija 240524s2024 mx bo||fr|||| 001 0 spa d
040 ## - FUENTE DE LA CATALOGACIÓN
Centro catalogador/agencia de origen mxchpua
090 ## - LOCALMENTE ASIGNADO TIPO-LC NÚMERO DE CLASIFICACIÓN (OCLC); NÚMERO DE CLASIFICACIÓN LOCAL (RLIN)
Número de clasificación (OCLC) (R) ; Numero de clasificación, CALL (RLIN) (NR) T.C.930
Número cutter local (OCLC) ; Número de libro/Signatura topográfica íntegra, CALL (RLIN) V55 SAI
Año 2024
245 10 - MENCIÓN DE TÍTULO
Título Sistema agroindustrial queso en la región chatina y Costa Chica de Oaxaca /
Mención de responsabilidad, etc. coordinador Abrham Villegas de Gante ; colaboradores Oswaldo Ariel González...[y otros]
260 ## - PUBLICACIÓN, DISTRIBUCIÓN, ETC.
Lugar de publicación, distribución, etc. México :
Nombre del editor, distribuidor, etc. El autor,
Fecha de publicación, distribución, etc. 2024
300 ## - DESCRIPCIÓN FÍSICA
Extensión 108 páginas :
Otras características físicas mapas, diagramas, tablas, fotos +
Material acompañante/anejo 1 CD-ROM
336 ## - TIPO DE CONTENIDO
Fuente rdacontent
Término de tipo de contenido texto
Código de tipo de contenido txt
337 ## - TIPO DE MEDIO
Fuente rdamedia
Nombre/término del tipo de medio no mediado
Código del tipo de medio n
338 ## - TIPO DE SOPORTE
Fuente rdacarrier
Nombre/término del tipo de soporte volumen
Código del tipo de soporte nc
500 ## - NOTA GENERAL
Nota general Grado 6° Grupo 3
502 ## - NOTA DE TESIS
Nota de tesis Viaje de Estudios
Tipo de título (SAI) --
Nombre de la institución que otorga el título UACh. Departamento de Ingeniería Agroindustrial,
Año de obtención del título 2024
504 ## - NOTA DE BIBLIOGRAFÍA, ETC.
Nota de bibliografía, etc. Bibliografía: páginas 107-108
505 0# - NOTA DE CONTENIDO CON FORMATO
Nota de contenido con formato Visitas: --
Título 1. Quesería de la Sra. Elena Ramírez --<br/>2. Quesería de la Sra. Rigoberta Ramírez --<br/>3. Quesería de la Sra. Angelina Loeza --<br/>4. Quesería del Sr. German Cortés --<br/>5. Quesería de la Sra, Gloria Cruz --<br/>6. Quesería Don Conrado --<br/>7. Quesería Amanda --<br/>8. Quesería de la Sra. Sofia Laredo --<br/>9. Quesería del Sr. Oscar Domínguez --<br/>10. Quesería de la Sra. Margarita Santiago --<br/>11. Palenque del Sr. Juan Rey González Ramírez --<br/>12. Palenque del Sr. Alejandro Rodríguez Santiago --<br/>13. Palenque del Tio Rey --<br/>14. Palenque del Sr. Alberto Cruz --<br/>15. Centro Regional Universitario Sur (CRUS) --<br/>16. Palenque La Descendencia --<br/>17. Palenque Real Matatlán --<br/>18. Palenque Perla Blanca --<br/>19. Palenque Mal de Amor
650 14 - PUNTO DE ACCESO ADICIONAL DE MATERIA--TÉRMINO DE MATERIA
Término de materia o nombre geográfico como elemento de entrada Queso artesanal
Subdivisión general Cultivos iniciadores
Subdivisión geográfica México
-- Oaxaca
9 (RLIN) 63363
650 13 - PUNTO DE ACCESO ADICIONAL DE MATERIA--TÉRMINO DE MATERIA
9 (RLIN) 142991
Término de materia o nombre geográfico como elemento de entrada Fabricación de queso
650 13 - PUNTO DE ACCESO ADICIONAL DE MATERIA--TÉRMINO DE MATERIA
9 (RLIN) 185388
Término de materia o nombre geográfico como elemento de entrada Calidad del queso
650 13 - PUNTO DE ACCESO ADICIONAL DE MATERIA--TÉRMINO DE MATERIA
9 (RLIN) 185223
Término de materia o nombre geográfico como elemento de entrada Artisan cheese
Subdivisión general Manufacture
Subdivisión geográfica Mexico
-- Oaxaca
650 13 - PUNTO DE ACCESO ADICIONAL DE MATERIA--TÉRMINO DE MATERIA
9 (RLIN) 146964
Término de materia o nombre geográfico como elemento de entrada Cheesemaking
650 13 - PUNTO DE ACCESO ADICIONAL DE MATERIA--TÉRMINO DE MATERIA
9 (RLIN) 185390
Término de materia o nombre geográfico como elemento de entrada Cheese quality
700 1# - PUNTO DE ACCESO ADICIONAL--NOMBRE DE PERSONA
9 (RLIN) 185141
Nombre de persona Villegas de Gante, Abraham Zacarias
Término indicativo de función/relación coordinador
700 ## - PUNTO DE ACCESO ADICIONAL--NOMBRE DE PERSONA
9 (RLIN) 189116
Nombre de persona Ariel González, Oswaldo
Término indicativo de función/relación colaborador
856 41 - LOCALIZACIÓN Y ACCESO ELECTRÓNICOS
Identificador Uniforme del Recurso <a href="http://10.13.5.2/ve/TC930_SAI/TC930_SAI_2024-REPORTE.pdf">http://10.13.5.2/ve/TC930_SAI/TC930_SAI_2024-REPORTE.pdf</a>
Texto de enlace DESCARGAR REPORTE
Holdings
Estado de retiro Estado de pérdida Fuente del sistema de clasificación o colocación Estado dañado Restricciones de uso No para préstamo Código de colección Localización permanente Ubicación/localización actual Fecha de adquisición Fuente de adquisición Total de préstamos Signatura topográfica completa Código de barras Fecha visto por última vez Fecha del último préstamo Número de copia Precio válido a partir de Tipo de ítem Koha Ubicación en estantería
    Clasificación Universidad Autónoma de Chapingo   Préstamo 5 días   Viajes de Estudio Ingenieria Agroindustrial Ingenieria Agroindustrial 24/05/2024 El autor 1 T.C.930 V55 SAI 2024 1106013836 26/01/2026 27/06/2025 Ej. 1 24/05/2024 Viaje de Estudios  
    Clasificación Universidad Autónoma de Chapingo   Préstamo interno   Viajes de Estudio Ingenieria Agroindustrial Ingenieria Agroindustrial 24/05/2024 El autor   T.C.930 V55 SAI 2024 1106013837 24/05/2024   Ej. 2 24/05/2024 CD  
    Clasificación Universidad Autónoma de Chapingo       Viajes de estudio - En línea Ingenieria Agroindustrial Ingenieria Agroindustrial 24/05/2024 El autor   T.C.930 V55 SAI 2024 1206013836 24/05/2024     24/05/2024 Viajes de Estudio - En línea En línea